| 000 | 00532nam a22001697a 4500 | ||
|---|---|---|---|
| 003 | OSt | ||
| 005 | 20260112021552.0 | ||
| 008 | 260112b |||||||| |||| 00| 0 eng d | ||
| 020 | _a978-971-584-812-1 | ||
| 040 |
_aDWCL - Main Lib _cOC |
||
| 082 | _aRes. 808.83 T693k 2009 | ||
| 100 | _aTorres Z. Gerardo | ||
| 245 |
_aKulay rosas ang pintig ng puso: _bmga maikling kuwento / _cGerardo Z. Torres |
||
| 260 |
_aQuezon City: _bC&E Publishing, Inc., _cc2009. |
||
| 300 |
_axvii, 72 p.: _bill.; _c18 cm. |
||
| 942 |
_2ddc _cBK-0 CIRC _mRes. _n0 |
||
| 999 |
_c7259 _d7259 |
||